La noirceur des couleurs / (Notice n° 38217)
[ affichage normal ]
| 000 -LEADER | |
|---|---|
| fixed length control field | 00843cam a2200289 i 4500 |
| 001 - CONTROL NUMBER | |
| control field | FRBNF465224510000006 |
| 003 - CONTROL NUMBER IDENTIFIER | |
| control field | OSt |
| 005 - DATE AND TIME OF LATEST TRANSACTION | |
| control field | 20230908020004.0 |
| 007 - PHYSICAL DESCRIPTION FIXED FIELD--GENERAL INFORMATION | |
| fixed length control field | t |
| 008 - FIXED-LENGTH DATA ELEMENTS--GENERAL INFORMATION | |
| fixed length control field | 200219s2020 fr j 000 f fre |
| 009 - PHYSICAL DESCRIPTION FIXED-FIELD FOR ARCHIVAL COLLECTION (VM) [OBSOLETE] | |
| fixed length control field | 1 |
| 020 ## - INTERNATIONAL STANDARD BOOK NUMBER | |
| International Standard Book Number | 9782211306348 |
| 035 ## - SYSTEM CONTROL NUMBER | |
| System control number | (BNF)465224510000006 |
| 040 ## - CATALOGING SOURCE | |
| Original cataloging agency | BNF |
| Language of cataloging | fre |
| Description conventions | rda |
| Transcribing agency | BNF |
| Modifying agency | SQTD |
| 041 1# - LANGUAGE CODE | |
| Language code of text/sound track or separate title | fre |
| Language code of original and/or intermediate translations of text | spa |
| 082 ## - DEWEY DECIMAL CLASSIFICATION NUMBER | |
| Classification number | BLA |
| 100 1# - MAIN ENTRY--PERSONAL NAME | |
| Personal name | Blasco, Martín, |
| Dates associated with a name | 1976- |
| Relator term | auteur |
| 9 (RLIN) | 1186924ad |
| 240 10 - UNIFORM TITLE | |
| Uniform title | <a href="oscuridad de los colores.">oscuridad de los colores.</a> |
| Language of a work | Français |
| 245 13 - TITLE STATEMENT | |
| Title | La noirceur des couleurs / |
| Statement of responsibility, etc | Martín Blasco ; traduit de l'espagnol (Argentine) par Sophie Hofnung. |
| 300 ## - PHYSICAL DESCRIPTION | |
| Extent | 282 pages ; |
| Dimensions | 19 cm. |
| 490 1# - SERIES STATEMENT | |
| Series statement | Médium + |
| 500 ## - GENERAL NOTE | |
| General note | Traduction de : La oscuridad de los colores. |
| 700 1# - ADDED ENTRY--PERSONAL NAME | |
| Personal name | Hofnung, Sophie |
| Relator term | traducteur |
| Field link and sequence number | 1299381a |
| 830 #0 - SERIES ADDED ENTRY--UNIFORM TITLE | |
| Uniform title | Médium. |
| 908 ## - PUT COMMAND PARAMETER (RLIN) | |
| Put command parameter | BNF |
| 942 ## - ADDED ENTRY ELEMENTS (KOHA) | |
| Source of classification or shelving scheme | Dewey Decimal Classification |
| Koha item type | Livre |
| Koha issues (borrowed), all copies | 1 |
| Withdrawn status | Lost status | Source of classification or shelving scheme | Damaged status | Not for loan | Home library | Current library | Date acquired | Total Checkouts | Total Renewals | Full call number | Barcode | Date last seen | Date checked out | Price effective from | Koha item type |
|---|---|---|---|---|---|---|---|---|---|---|---|---|---|---|---|
| Dewey Decimal Classification | Main Library | Main Library | 20/10/2020 | 6 | 2 | BLA | 0000197609 | 07/07/2025 | 07/09/2023 | 20/10/2020 | Livre |
